000 00330nam a2200133Ia 4500
008 190216s9999||||xx |||||||||||||| ||und||
100 _aFroberg Carl Erik
245 0 _aIntroduction To Numerical Analysis
250 _a2nd ed
260 _bAddison-Wesley Pbl: Co:
_c1981
300 _a427p
650 _aMathematics
942 _cBK
999 _c30952
_d30952